Under-flora in rubber plantations: Its effect on soil properties (Record no. 71740)

MARC details
000 -LEADER
fixed length control field 00443nam a2200109Ia 4500
100 ## - MAIN ENTRY--AUTHOR NAME
Personal name Abraham J
245 #0 - TITLE STATEMENT
Title Under-flora in rubber plantations: Its effect on soil properties
260 ## - PUBLICATION, DISTRIBUTION, ETC. (IMPRINT)
Name of publisher IRC 2012. International Rubber Conference, 28-31 October 2012, Kovalam, India, Rubber Research Institute of India, Kottayam and IRRDB, Malaysia: Abstracts. pp.142-144.
700 ## - ADDED ENTRY--PERSONAL NAME
Personal name Joseph P
942 ## - ADDED ENTRY ELEMENTS (KOHA)
Koha item type Journals
Holdings
Withdrawn status Lost status Damaged status Not for loan Home library Current library Shelving location Date acquired Koha item type
      Journals RRII Library RRII Library Crop management 17/04/2013 Journals